000
00342nam a2200145Ia 4500
008
150201s2011 xx 000 0 und d
082
_a
611
_b
A11W
100
_a
WASTSON ,ROGER
245
_a
ANATOMY & PHYSIOLOGY FOR NURSES
250
_a
13TH
260
_b
ELSEVIER
_a
INDIA
_c
2011
300
_a
367
650
_a
ANATOMY
942
_2
ddc
_c
BK
_0
18
999
_c
2083
_d
2083